000 00713cam a2200253 4500
008 090401t1991 xxu||||| |||| 00| 0 eng d
020 _a0117525499
035 _a(Sirsi) u56245
041 _aeng
050 _a306.0212
110 _aUnited Kingdom
_bDepartment of the Environment
_9982
245 _aHousing and construction statistics 1980-1990: Great Britain.
260 _aLondon
_bHMSO
_c1991
300 _axiv,191p. ; 30cm.
350 _a22
650 _aBUILDING INDUSTRY
650 _aHOUSING
650 _aSTATISTICS
690 _aHOUSING
710 _aScotland
_bScottish Development Department
_91311
710 _aUnited Kingdom
_bWelsh Office
_91214
942 _n0
948 _c04/03/1997
999 _c93753
_d93753